Writing from A to Z : (Record no. 9952)

MARC details
000 -LEADER
fixed length control field 00874nam a22002537a 4500
003 - CONTROL NUMBER IDENTIFIER
control field OSt
005 - DATE AND TIME OF LATEST TRANSACTION
control field 20260427072535.0
008 - FIXED-LENGTH DATA ELEMENTS--GENERAL INFORMATION
fixed length control field 260427b |||||||| |||| 00| 0 eng d
020 ## - INTERNATIONAL STANDARD BOOK NUMBER
International Standard Book Number 0-07-287204-7
040 ## - CATALOGING SOURCE
Original cataloging agency DWC-Main lib
Transcribing agency OC
082 ## - DEWEY DECIMAL CLASSIFICATION NUMBER
Edition number 4th edition
Classification number Circ. 808.042 W956 2003
100 ## - MAIN ENTRY--PERSONAL NAME
Personal name Ebest, Sally Barr
245 ## - TITLE STATEMENT
Title Writing from A to Z :
Remainder of title the easy-to use reference handbook
Statement of responsibility, etc. Sally Barr Ebest
260 ## - PUBLICATION, DISTRIBUTION, ETC.
Place of publication, distribution, etc. Boston :
Name of publisher, distributor, etc. McGraw-Hill,
Date of publication, distribution, etc. c2003.
300 ## - PHYSICAL DESCRIPTION
Extent xiv, 517 pages ;
Dimensions 21 cm.
504 ## - BIBLIOGRAPHY, ETC. NOTE
Bibliography, etc. note Includes index.
650 ## - SUBJECT ADDED ENTRY--TOPICAL TERM
Topical term or geographic name entry element 1. English language - Grammar - Handbooks, manuals, etc.
650 ## - SUBJECT ADDED ENTRY--TOPICAL TERM
Topical term or geographic name entry element 2. English language - Rhetoric Handbooks, manuals, etc.
650 ## - SUBJECT ADDED ENTRY--TOPICAL TERM
Topical term or geographic name entry element 3. Report writing--Handbooks, manuals, etc.
700 ## - ADDED ENTRY--PERSONAL NAME
Dates associated with a name Alred, Gerald J.
700 ## - ADDED ENTRY--PERSONAL NAME
Dates associated with a name Brusaw, Charles T.
700 ## - ADDED ENTRY--PERSONAL NAME
Dates associated with a name Oliu, Walter E.
942 ## - ADDED ENTRY ELEMENTS (KOHA)
Source of classification or shelving scheme Dewey Decimal Classification
Koha item type Book Circulation
Edition 4th ed.
Classification part Circ.
Suppress in OPAC No
952 ## - LOCATION AND ITEM INFORMATION (KOHA)
--
Holdings
Withdrawn status Lost status Source of classification or shelving scheme Damaged status Not for loan Home library Current library Shelving location Date acquired Source of acquisition Cost, normal purchase price Total Checkouts Full call number Barcode Date last seen Copy number Price effective from Koha item type Uniform Resource Identifier
    Dewey Decimal Classification     College Library College Library Circulation 04/01/2005 PLMP 0.00   Circ. 808.042 W956 2003 CL41714 04/27/2026 c1 04/27/2026 BK-CIRC